| 000 | 01051cam a2200337Mi 4500 | ||
|---|---|---|---|
| 001 | 47894 | ||
| 005 | 20230410105518.0 | ||
| 008 | 060928s2006 fr 000 0 fre d | ||
| 035 | _a(OCoLC)ocm71888001 | ||
| 040 |
_aTZT _cTZT |
||
| 020 | _a2200347006 | ||
| 020 | _a9782200347000 | ||
| 029 | 0 |
_aTZT _bJTL00187863 |
|
| 035 | _a(OCoLC)71888001 | ||
| 050 | 1 | 4 |
_aHC 59.15 _bI31 2006 |
| 082 | 0 | 0 | _a330 |
| 245 | 0 | 0 |
_aImages économiques du monde 2007 / _csous la direction de Francois Bost, Laurent Carroué, Christian Girault... [et al.]. |
| 260 |
_aParis : _bArmand Colin, _c2006. |
||
| 300 | _a439, xvi p. | ||
| 440 | 0 | _aImages économiques du monde | |
| 653 |
_aWorld economics _aYearly report |
||
| 650 | 0 |
_aEconomic history _y1990- |
|
| 650 | 0 | _aInternational economic relations. | |
| 700 | 1 |
_aBost, Francois, _edir. |
|
| 700 | 1 |
_aCorrue, Laurent, _edir. |
|
| 700 | 1 |
_aGirault, Christian, _edir. |
|
| 938 |
_aJean Touzot Libraire Editeur _bTOUZ _nJTL00187863 _c30 EUR |
||
| 942 |
_2lcc _cbk |
||
| 946 | _aclperez | ||
| 994 |
_aC0 _bDRFGD |
||
| 999 |
_c38231 _d38231 |
||